The training of professional engineers : fifth International Congress of Engineers, 27 September- 1 October 1971 /
This title is part of the ICE Publishing complete digital collection - helping ensure access to essential engineering content from past to present. Proceedings of fifth international congress of engineers; FEANI 20th anniversary held in London on 27 September-1 October 1971.
| Corporate Authors: | , |
|---|---|
| Other Authors: | |
| Format: | eBook |
| Language: | English French German |
| Language Notes: | Text in English, French and German. |
| Published: |
London :
Institution of Civil Engineers,
1972.
|
| Subjects: | |
| Online Access: | Connect to the full text of this electronic book |
MARC
| Tag | First Indicator | Second Indicator | Subfields |
|---|---|---|---|
| LEADER | 00000nam a2200000 a 4500 | ||
| 001 | in00004563607 | ||
| 006 | m||||||||d|||||||| | ||
| 007 | cr ||||||||||| | ||
| 008 | 111004s1972 enka fo| 100|0|eng|d | ||
| 005 | 20241017192245.0 | ||
| 020 | |a 9780727744524 (ebook) : |c No price | ||
| 035 | |a (StDuBDS)EDZ0000039015 | ||
| 040 | |a StDuBDS |b eng |c StDuBDS |e pn | ||
| 041 | 0 | |a eng |a fre |a ger | |
| 050 | 4 | |a T62 | |
| 082 | 0 | 4 | |a 620.00711 |2 23 |
| 245 | 0 | 4 | |a The training of professional engineers : |b fifth International Congress of Engineers, 27 September- 1 October 1971 / |c [editor, John Simmons]. |
| 260 | |a London : |b Institution of Civil Engineers, |c 1972. | ||
| 300 | |a 1 online resource (vi, 202 pages) : |b illustrations. | ||
| 336 | |a text |b txt |2 rdacontent | ||
| 337 | |a computer |b c |2 rdamedia | ||
| 338 | |a online resource |b cr |2 rdacarrier | ||
| 521 | |a Specialized. | ||
| 546 | |a Text in English, French and German. | ||
| 500 | |a "The twentieth anniversary of La Fédération européenne d'associations nationales d'ingénieurs was marked by the Fifth International Congress of Engineers held at the Institution of Civil Engineers in London." | ||
| 520 | 8 | |a This title is part of the ICE Publishing complete digital collection - helping ensure access to essential engineering content from past to present. Proceedings of fifth international congress of engineers; FEANI 20th anniversary held in London on 27 September-1 October 1971. | |
| 588 | |a Description based on print version record. | ||
| 650 | 0 | |a Engineering |x Study and teaching |v Congresses. | |
| 655 | 7 | |a Electronic books. |2 local | |
| 700 | 1 | |a Simmons, J. A. |q (John Arthur), |d 1932- | |
| 710 | 2 | |a Fédération européenne d'associations nationales d'ingénieurs | |
| 710 | 2 | |a Institution of Civil Engineers (Great Britain) | |
| 856 | 4 | 0 | |u http://proxy.library.tamu.edu/login?url=https://www.icevirtuallibrary.com/doi/book/10.1680/tope5icoe.44524 |z Connect to the full text of this electronic book |t 0 |
| 955 | |a Institution of Civil Engineers (ICE) 2021 Complete eBook Collection. | ||
| 999 | f | f | |s 78ab5305-8921-41a3-ab99-64979656c31f |i 78ab5305-8921-41a3-ab99-64979656c31f |t 0 |
| 952 | f | f | |a Texas A&M University |b College Station |c Electronic Resources |d Available Online |t 0 |e T62 |h Library of Congress classification |
| 998 | f | f | |a T62 |t 0 |l Available Online |